000 01051cam a2200301 a 4500
001 000006800
003 DO-SdBNP
005 20231114115612.0
008 721226s1970 sp 001 0 spa
035 _a(DLC) 70270556
035 _a(OCoLC)523863
040 _aDO-SdBNP
_cOWoC
_dBNPHU
049 _aBNGR
082 _a320.946
_bI24r
100 1 _aIglesias Selgas, Carlos.
_918891
245 1 3 _aUn régimen social moderno :
_breflexiones sobre la España actual /
_cCarlos Iglesias Selgas.
260 _aBilbao, (España) :
_bMensajero,
_c1970.
300 _a445 p. ;
_c22 cm.
490 1 _aBiblioteca Fomento social
490 1 _aIdeas sociales y políticas.
_v10
504 _aBibliografía: p. [415]-437.
651 4 _aEspaña
_xPolítica y gobierno
_y1939-1975.
_918892
651 4 _aEspaña
_xCondiciones sociales.
_93502
651 4 _aEspaña
_xCondiciones económicas
_y1918-1975.
_918893
830 0 _aBiblioteca Fomento social ;
_v10
_pIdeas sociales y políticas.
_918894
910 _aCatalogación por copia / LC
942 _2ddc
_cLBS1
999 _c6588
_d6588